LEADER 01190nam a2200325Li 4500 001 991001396429707536 008 110922s2011 njua b 001 0 eng d 020 $a9780691151298 020 $a9780691151304 035 $ab14007964-39ule_inst 040 $aDip.to Matematica$beng 084 $aAMS 58J05 084 $aAMS 58J35 084 $aLC QA377.B575 100 1 $aBismut, Jean-Michel$044924 245 10$aHypoelliptic Laplacian and orbital integrals /$cJean-Michel Bismut 260 $aPrinceton :$bPrinceton University Press,$cc2011 300 $ax, 330 p. :$bill. ;$c25 cm 440 0$aAnnals of mathematics studies ;$v177 504 $aIncludes bibliographical references and indexes 650 0$aDifferential equations, Hypoelliptic 650 0$aLaplacian operator 650 0$aDefinite integrals 650 0$aOrbit method 907 $a.b14007964$b28-01-14$c22-09-11 912 $a991001396429707536 945 $aLE013 58J BIS11 (2011)$g1$i2013000214573$lle013$op$pE86.90$q-$rl$s- $t0$u1$v0$w1$x0$y.i15347023$z16-11-11 996 $aHypoelliptic Laplacian and orbital integrals$9241722 997 $aUNISALENTO 998 $ale013$b22-09-11$cm$da $e-$feng$gnju$h0$i0 LEADER 01820oam 2200505 450 001 9910709982803321 005 20180822124801.0 035 $a(CKB)5470000002474435 035 $a(OCoLC)985520813 035 $a(EXLCZ)995470000002474435 100 $a20170504d1926 ua 0 101 0 $aeng 135 $aurn|||||||||| 181 $ctxt$2rdacontent 182 $cc$2rdamedia 183 $acr$2rdacarrier 200 10$aSurface water supply of the United States, 1922$hPart XII$iNorth Pacific slope drainage basins$hC$iLower Columbia River Basin and Pacific slope drainage basins in Oregon /$fby Nathan C. Grover, F.F. Henshaw, and G.L. Parker 210 1$aWashington, D.C. :$cDepartment of the Interior, U.S. Geological Survey,$d1926. 210 2$aWashington, D.C. :$cGovernment Printing Office. 215 $a1 online resource (v, 186 pages) $cillustrations 225 1 $aWater-supply paper ;$vno 554 300 $aPrepared in cooperation with the States of Oregon and Washington. 320 $aIncludes index. 606 $aWater quality$zColumbia River Watershed 606 $aWater quality$zNorthwest, Pacific 606 $aWater quality$zOregon 606 $aWater-supply$zNorthwest, Pacific 615 0$aWater quality 615 0$aWater quality 615 0$aWater quality 615 0$aWater-supply 700 $aGrover$b Nathan Clifford$f1868-1956,$01385993 702 $aHenshaw$b Fred F$g(Fred Forbes),$f1884-1933, 702 $aParker$b Glenn L$g(Glenn Lane),$f1884- 712 02$aGeological Survey (U.S.), 801 0$bCOP 801 1$bCOP 801 2$bOCLCO 801 2$bOCLCF 801 2$bOCLCA 801 2$bGPO 906 $aBOOK 912 $a9910709982803321 996 $aSurface water supply of the United States, 1922$93447722 997 $aUNINA